Southville International School and Colleges
Your cart is empty.
  • Cart
  • Lists
    Public lists Eva Luna New books Lux_list list_1
    Your lists Log in to create your own lists
  • Log in to your account
  • Your cookies
  • Search history
Southville International School and Colleges
  • Advanced search
  • Recent comments
  • Most popular
  • Libraries

Log in to your account

Log in with GOOGLE


If you do not have an external account, but do have a local account, you can still log in:

  1. Home
  2. MARC view: Why do ants cut up leaves? :
Normal view MARC view ISBD view

Why do ants cut up leaves? : (Record no. 344981)

[ view plain ]
MARC details
000 -LEADER
fixed length control field 00626nam a2200253Ia 4500
008 - FIXED-LENGTH DATA ELEMENTS--GENERAL INFORMATION
fixed length control field 171120s9999 xx 000 0 und d
020 ## - INTERNATIONAL STANDARD BOOK NUMBER
International Standard Book Number 9.7818481019e+012
050 ## - LIBRARY OF CONGRESS CALL NUMBER
Classification number 595.76
050 ## - LIBRARY OF CONGRESS CALL NUMBER
Item number W629 2009
245 ## - TITLE STATEMENT
Title Why do ants cut up leaves? :
245 ## - TITLE STATEMENT
Remainder of title bugs /
260 ## - PUBLICATION, DISTRIBUTION, ETC. (IMPRINT)
Place of publication, distribution, etc Essex :
260 ## - PUBLICATION, DISTRIBUTION, ETC. (IMPRINT)
Name of publisher, distributor, etc Miles Kelly,
260 ## - PUBLICATION, DISTRIBUTION, ETC. (IMPRINT)
Date of publication, distribution, etc 2009
300 ## - PHYSICAL DESCRIPTION
Extent 34 pages :
300 ## - PHYSICAL DESCRIPTION
Other physical details color illustrations ;
300 ## - PHYSICAL DESCRIPTION
Dimensions 29cm.
440 ## - SERIES STATEMENT/ADDED ENTRY--TITLE
Title First questions and answers.
500 ## - GENERAL NOTE
General note Includes index.
650 ## - SUBJECT ADDED ENTRY--TOPICAL TERM
Topical term or geographic name as entry element Insect --
650 ## - SUBJECT ADDED ENTRY--TOPICAL TERM
Topical term or geographic name as entry element Insects.
650 ## - SUBJECT ADDED ENTRY--TOPICAL TERM
General subdivision Miscellanea -- Juvenile literature.
700 ## - ADDED ENTRY--PERSONAL NAME
Personal name Series.
Holdings
Withdrawn status Lost status Damaged status Home library Current library Date acquired Total Checkouts Full call number Barcode Date last seen Price effective from Koha item type
      Stonyhurst Southville International School (Malarayat) Stonyhurst Southville International School (Malarayat) 11/20/2017   REF 595.76 W629 2009 SSISM4025 11/20/2017 11/20/2017 Books

Why do ants cut up leaves? :

APA

Series, .Why do ants cut up leaves?. Essex: .

Chicago

Series, .Why do ants cut up leaves?. Essex: .

Harvard

Series, .Why do ants cut up leaves?. Essex: .

MLA

Series, .Essex: . .

  • Place hold
  • Print
  • Cite
  • Add to your cart (remove)
  • Save record
    BIBTEX Dublin Core MARCXML MARC (non-Unicode/MARC-8) MARC (Unicode/UTF-8) MARC (Unicode/UTF-8, Standard) MODS (XML) RIS
  • More searches
    Search for this title in:
    Other Libraries (WorldCat) Other Databases (Google Scholar) Online Stores (Bookfinder.com) Open Library (openlibrary.org)

Exporting to Dublin Core...

SOUTHVILLE LIBRARY

Southville International School and Colleges Library

1281 Tropical Ave. Cor. Luxembourg St., BF Homes International, Las Pinas City

Tel. No. 8256374 / 252358 Loc. 117/146

Powered by Koha